Catalog

Record Details

Catalog Search



Hovory k sobě  Cover Image Book Book

Hovory k sobě / [Autor:] Marcus Aurelius Antoninus ; Z řec. orig. Ta eis eayton přel. Rudolf Kuthan ; Ludvík Svoboda: Stoikové - Marcus Aurelius, předml.

Summary:

Morálně povzbudivá a moudrá kniha filosofa a císaře Marka Aurelia (121-180 n. 1.) , jednoho z významných představitelů pozdního stoicismu. Jeho filosofické názory poznáváme z aforistických zápisků, které obsahují mnohomyšlenek převážně z praktické filosofie, jejímž úkolem je odstraňovat omyly v lidském poznání a snažit se o proniknutí k podstatě věcí. Uvažuje o smyslu lidského života, lidské lásce, proměnnosti věcí smyslových, dosaženíživotní rovnováhy. Neuznává realitu zla, neschvaluje sebevraždu a po teologické stránce budí dojem kolísání mezi stoickým panteismem a běžným lidovým polyteismem. Učí, že pralátkou vesmírného celku procházejí všechna těla vespojitosti s tímto celkem a ve vzájemné součinnosti.

Record details

  • Physical Description: 191, [2] s. ; 8°
  • Edition: 1. vyd. ve Svobodě
  • Publisher: Praha : Svoboda, 1969

Content descriptions

General Note:
Pozn.
Obálka a vazba: Leo Novotný
40000 výt.

Available copies

  • 2 of 2 copies available at Common Catalog SPOK.

Holds

  • 0 current holds with 2 total copies.
Show Only Available Copies
Location Call Number / Copy Notes Barcode Shelving Location Status Due Date
ETS Library 180 424470019172 Volný výběr Available -
Hospic Dobrého Pastýře PA
Tematická katagorie: Odborná - paliativní péče (PA)
2045957019789 Skříň ve 2. patře (SKŘ) Available -

Electronic resources

Version of Resource: Digitalizovaný dokument


LDR 02183nam a22003851a 4500
00130018
003CZ-PrJAB
00520200427045317.0
007tu
008970807s1969 xr 0|0 0 cze
015 . ‡acnb000126222
020 . ‡q(Váz.)
035 . ‡a(CZ PrNK)bk196901831
035 . ‡a(OCoLC)42184551
040 . ‡aABA001 ‡bcze ‡cABA001 ‡dABA001
0411 . ‡acze ‡hgrc
080 . ‡a171 ‡2undef
08214. ‡a180
1001 . ‡aMarcus Aurelius, Antoninus, ‡cřímský císař, ‡d121-180 ‡7jn19981001808 ‡4aut
24010. ‡aHovory k sobě. ‡lČesky ‡7aun2006377099
24510. ‡aHovory k sobě / ‡c[Autor:] Marcus Aurelius Antoninus ; Z řec. orig. Ta eis eayton přel. Rudolf Kuthan ; Ludvík Svoboda: Stoikové - Marcus Aurelius, předml.
250 . ‡a1. vyd. ve Svobodě
260 . ‡aPraha : ‡bSvoboda, ‡c1969 ‡f(Rudé právo)
300 . ‡a191, [2] s. ; ‡c
4901 . ‡aAntická knihovna ; ‡vSv. 1
500 . ‡aPozn.
500 . ‡aObálka a vazba: Leo Novotný
500 . ‡a40000 výt.
520 . ‡aMorálně povzbudivá a moudrá kniha filosofa a císaře Marka Aurelia (121-180 n. 1.) , jednoho z významných představitelů pozdního stoicismu. Jeho filosofické názory poznáváme z aforistických zápisků, které obsahují mnohomyšlenek převážně z praktické filosofie, jejímž úkolem je odstraňovat omyly v lidském poznání a snažit se o proniknutí k podstatě věcí. Uvažuje o smyslu lidského života, lidské lásce, proměnnosti věcí smyslových, dosaženíživotní rovnováhy. Neuznává realitu zla, neschvaluje sebevraždu a po teologické stránce budí dojem kolísání mezi stoickým panteismem a běžným lidovým polyteismem. Učí, že pralátkou vesmírného celku procházejí všechna těla vespojitosti s tímto celkem a ve vzájemné součinnosti.
7001 . ‡aNovotný, Leo, ‡d1931- ‡7jk01090737 ‡4art
7001 . ‡aKuthan, Rudolf, ‡d1886-1966 ‡7jk01071086 ‡4trl
7001 . ‡aSvoboda, Ludvík, ‡d1903-1977 ‡7jn20000710625 ‡4aui
830 0. ‡aAntická knihovna
85641. ‡uhttp://kramerius4.nkp.cz/search/handle/uuid:5b02d100-325f-11e3-a5bb-005056827e52 ‡yDigitalizovaný dokument
910 . ‡aBNE702
910 . ‡aABG450
995 . ‡aska
964 . ‡aFilozofie praktická - úvahy
901 . ‡a30018 ‡bCZ-PrJAB ‡c30018 ‡tbiblio

Additional Resources